000 00830cab a2200229 4500
001 X84049
008 090401t1997 xxu||||| |||| 00| 0 eng d
035 _a(Sirsi) u78437
041 _aeng
245 _aR v Cotswold DC and another ex p Barrington Parish Council
260 _c1997
350 _a0
490 _aNew Property Cases
_v[1997] NPC 70
520 _aQB 24 April 1997. Judicial review - planning law - standing - delay - RSC Ord 53 r.4 - right to consultation - relevance of conduct of applicant. "Promptly". (Headnote taken from journal) NB. NO PHOTOCOPYING ALLOWED.
650 _aCOTSWOLDS
650 _aMILITARY BASES
650 _aPLANNING LAW
650 _aBUILT ENVIRONMENT-BUILDING MAINTENANCE AND REFURBISHMENT
690 _aPLANNING LAW AND PRACTICE-CASE LAW
942 _n0
948 _c20/05/1997
999 _c49349
_d49349